Gaming Quiz

Random Gaming Quiz

Name the Civs in Civilization VI Quiz Stats

 Plays Quiz not verified by Sporcle

Also try: Stratego Pieces
Challenge
Share
Tweet
Embed
Score 0/34 Timer 10:00
0 Plays Today
Expansion Civilization % Correct
VanillaAmerica
100%
VanillaEngland
98.6%
VanillaFrance
98.6%
VanillaGermany
97.2%
VanillaGreece
97.2%
VanillaChina
95.8%
VanillaRome
95.8%
VanillaAztec
94.4%
VanillaRussia
94.4%
DLCAustralia
94.4%
DLCPoland
94.4%
Rise & FallCree
93.3%
Rise & FallKorea
93.3%
Rise & FallMongols
93.3%
VanillaIndia
93%
VanillaJapan
93%
VanillaSpain
93%
Expansion Civilization % Correct
VanillaArabia
90.1%
VanillaEgypt
90.1%
VanillaBrazil
88.7%
VanillaNorway
87.3%
DLCPersia
87.3%
DLCIndonesia
86%
VanillaKongo
85.9%
Rise & FallScotland
83.3%
VanillaScythia
81.7%
VanillaSumer
80.3%
DLCMacedon
80.3%
Rise & FallNetherlands
80%
Rise & FallZulu
80%
DLCKhmer
79.1%
DLCNubia
78.7%
Rise & FallGeorgia
76.7%
Rise & FallMapuche
70%

You're not logged in!

Compare scores with friends on all Sporcle quizzes.
OR
Log In

You Might Also Like...

Show Comments

Extras

Created Mar 23, 2017ReportNominate
Tags:civ, civilization, expansion

Top Quizzes Today


Score Distribution

Your Account Isn't Verified!

In order to create a playlist on Sporcle, you need to verify the email address you used during registration. Go to your Sporcle Settings to finish the process.

Report this User

Report this user for behavior that violates our Community Guidelines.

Details: